Cities Mentioned in April 26, 1992 by Sublime - Statistics

General Stats
  • This quiz has been taken 24 times
  • The average score is 9 of 27
Answer Stats
State City Mentioned % Correct
Florida Miami
82%
Ohio Cleveland
76%
California Long Beach
76%
Illinois Chicago
59%
Utah Salt Lake City
59%
California San Francisco
59%
Alabama Tuscaloosa
59%
Oregon Eugene
53%
California Eureka
47%
Missouri Kansas City
47%
California Paramount
41%
California San Diego
41%
Idaho Boise
35%
California Anaheim
29%
Arizona Phoenix
29%
California East Anaheim
24%
Florida Lakeland
18%
California Barstow
12%
California Fountain Valley
12%
Florida Pensacola
12%
California Santa Barbara
12%
California Victorville
12%
Nevada Winnemucca
12%
California Arcata
6%
Michigan Clarkston
6%
California Hesperia
6%
California Huntington Beach
6%
No matching quizzes found
Score Distribution
Percent of People with Each Score
Percentile by Number Answered
Your Score History
You have not taken this quiz